000
00310 a2200145 4500
001
60016
020
_a
3126757529
040
_c
Anchieta - Pituba
240
1
0
_a
Wir A1
_l
por
245
1
0
_a
Wir A1
300
_a
85
362
0
_a
2008
650
4
_a
Línguas germânicas (teutônicas) língua alemã
942
_c
BK
999
_c
60016
_d
60016